000 01657cam a2200385 i 4500
001 zz2006863563
003 NUKAT
005 20260331221629.0
008 060309s1873 pl f 2 |000 0dpol c
035 _a(OCoLC)749731872
035 _a(NUKAT)zz2006863563
040 _aTOR U/PDJR
_bpol
_erda
_cTOR U/PDJR
_dTOR U/AP
_dOLSZT 008/AL
099 _ahh_493405
100 1 _aZiemba, Teofil
_d(1847-1900).
_eAutor
_939339
245 1 0 _aTadeusz Czacki i jego zasługi :
_bzwłaszcza w dziejach naszego szkolnictwa /
_cnapisał Teofil Ziemba.
246 1 4 _aTadeusz Czacki w dziejach naszego szkolnictwa
260 _aKraków :
_b[wdawca nieznany],
_c1873
_e(Kraków :
_fDrukarnia C.K. Uniwersytetu Jagiellońskiego pod zarządem K. Mańkowskiego).
300 _a[4], 79 stron ;
_c23 cm.
336 _aTekst
_btxt
_2rdacontent
337 _aBez urządzenia pośredniczącego
_bn
_2rdamedia
338 _aWolumin
_bnc
_2rdacarrier
500 _aOsobna odbitka z Sprawozdania gimnazyalnego św. Anny za rok 1872.
500 _aNa stronie tytułowej rok wydania 1872, na okładce - 1873.
510 4 _aEstr., XIX w.,
_ct. 7. Dopełn. (P-Ż)
530 _aDostępne również w formie elektronicznej.
600 1 7 _aCzacki, Tadeusz
_2DBN
_939340
600 1 4 _aCzacki, Tadeusz
_d(1765-1813).
_2kaba
_912830
600 1 7 _aCzacki, Tadeusz
_d(1765-1813)
_xwkład do edukacji.
_2kaba
_939341
650 7 _aPedagogika
_2DBN
_939342
650 4 _aEdukacja
_zPolska
_y18 w.
_2kaba
_912557
651 7 _aPolska
_2DBN
_935076
710 2 _aDrukarnia Uniwersytetu Jagiellońskiego.
_eDruk
_4prt
_9536
856 4 1 _uhttps://www.wbc.poznan.pl/publication/325463
942 _2ddc
_cBK_NM
999 _c27391
_d27391